| 000 | 00495nam a2200145Ia 4500 | ||
|---|---|---|---|
| 008 | 230917s9999||||xx |||||||||||||| ||und|| | ||
| 040 |
_e180436 _aMAIN |
||
| 041 | _aEnglish | ||
| 082 | _a891.431521 VS58:TA | ||
| 100 | _aत्रिपाठी अरविन्द,सम्पा. | ||
| 245 | 0 | _aश्रीकान्त वर्मा रचनावली | |
| 260 |
_aनयी दिल्ली _bराजकमल प्रकाशन _c1995 |
||
| 300 | _a665 p. | ||
| 942 | _cHN | ||
| 999 |
_c138474 _d138474 |
||